Statistics for Kazakhstan Country Quiz

Click here to take the quiz!

General Stats

  • This quiz has been taken 288 times
  • The average score is 14 of 32

Answer Stats

Hint Answer % Correct
Bordering countryRussia
94%
CapitalAstana
93%
Official languageKazakh
93%
Bordering countryUzbekistan
90%
ReligionIslam (70%)
89%
Bordering countryChina
89%
Bordering countryKyrgyzstan
86%
Bordering countryTurkmenistan
85%
Independence* (year)1991
79%
ReligionChristianity (26%)
77%
Official languageRussian
76%
Largest cityAlmaty
75%
number of Presidents since then**1 (Nursultan Nazarbayev)
60%
Official nameRepublic of Kazakhstan
53%
Name of Kazakhstan when it was a part of the USSR (abbr.)KSSR
35%
Currencytenge
34%
The largest lake in/by KazakhstanCaspian Sea
32%
Year by which the state plan should be finished***2050
31%
Association of former Soviet RepublicsCIS
21%
Kazakh state that existed in 1456–1847, Kazakh....Khanate
18%
River passing through the capitalIshim River
16%
Dairy product made from mare milkKumis
16%
Holiday celebrated on January 7Christmas
15%
Cold yoghurt beverage with saltAyran
13%
AnthemMy Kazakhstan
12%
Holiday celebrated on July 6Capital City Day
12%
Parlamenti, the lower house of the ParliamentMazhilis
11%
Director, "Night Watch", "Abraham Lincoln: Vampire Hunter"Timur Bekmambetov
10%
Indigenous religion typical in Central AsiaTengrism
7%
A multi-sport event, held every 4 years, in 2011 in KazakhstanAsian Winter Games
6%
Petroglyph site that is a UNESCO World Heritage SiteTamgaly
3%
Abay Qunanbayuli's most successful bookThe Book of Words
3%

Score Distribution

Percentile by Number Answered

Percent of People with Each Score

Your Score History

You have not taken this quiz